[Event "Eastern Asia-ch U16"]
[Site "Tornelo INT"]
[Date "2021.10.31"]
[Round "9"]
[White "Adireddy, Tarun"]
[Black "Teo, Jun Kai Ethan"]
[Result "1-0"]
[WhiteElo "1452"]
[BlackElo "1086"]
[PlyCount "91"]
[EventDate "2021.10.29"]
[EventType "swiss"]
[EventRounds "9"]
[EventCountry "NET"]
[SourceTitle "CBM 205 Extra"]
[Source "ChessBase"]
[SourceDate "2022.01.31"]
[SourceVersion "1"]
[SourceVersionDate "2022.01.31"]
[SourceQuality "1"]

1. d4 Nf6 2. c4 d6 3. Nc3 g6 4. e4 Bg7 5. Nf3 0-0 6. Be2 Nbd7 7. 0-0 e5 8. Re1 Nh5 9. Bf1 c6 10. Bg5 Qc7 11. d5 a5 12. Rc1 Nc5 13. b3 h6 14. Be3 Nf4 15. Qd2 Kh7 16. Bxf4 exf4 17. Qxf4 f5 18. e5 dxe5 19. Qe3 Nd7 20. dxc6 bxc6 21. Na4 e4 22. Nd2 Be5 23. g3 Nf6 24. f4 Ng4 25. Qe2 Bd4+ 26. Kg2 Bb7 27. h3 Ne3+ 28. Kh2 Rh8 29. Bg2 Nxg2 30. Qxg2 e3 31. Nf3 Rag8 32. Nxd4 c5 33. Nf3 g5 34. fxg5 hxg5 35. Rxe3 g4 36. Qe2 Rg7 37. Nh4 f4 38. Qd3+ Kg8 39. Re8+ Kf7 40. Rxh8 fxg3+ 41. Kg1 Rg5 42. Qh7+ Kf6 43. Rf8+ Ke6 44. Qxc7 Be4 45. Re8+ Kf6 46. Qe7# 1-0

[Event "Eastern Asia-ch U16"]
[Site "Tornelo INT"]
[Date "2021.10.30"]
[Round "5"]
[White "Adireddy, Tarun"]
[Black "Sayandeep, Roy"]
[Result "1/2-1/2"]
[WhiteElo "1452"]
[BlackElo "1161"]
[PlyCount "145"]
[EventDate "2021.10.29"]
[EventType "swiss"]
[EventRounds "9"]
[EventCountry "NET"]
[SourceTitle "CBM 205 Extra"]
[Source "ChessBase"]
[SourceDate "2022.01.31"]
[SourceVersion "1"]
[SourceVersionDate "2022.01.31"]
[SourceQuality "1"]

1. d4 d5 2. c4 e6 3. Nc3 Nf6 4. Bf4 a6 5. e3 Be7 6. h3 0-0 7. Nf3 dxc4 8. Bxc4 b5 9. Bd3 Bb7 10. a3 Nbd7 11. 0-0 c5 12. Rc1 Rc8 13. Qe2 h6 14. Rfd1 Qb6 15. Bb1 Rfd8 16. Ne5 Nf8 17. dxc5 Bxc5 18. b4 Bd6 19. Rd4 Bb8 20. Qd3 Ba7 21. Rd1 Rxd4 22. exd4 Bb8 23. Bh2 Bxe5 24. dxe5 Qc6 25. f3 Qxc3 26. exf6 Qxd3 27. Bxd3 gxf6 28. Bf4 Kg7 29. Rc1 Rxc1+ 30. Bxc1 Ng6 31. Kf2 e5 32. Bf5 Ne7 33. Bd7 Nd5 34. Bd2 Kg6 35. Ke2 f5 36. g4 fxg4 37. hxg4 Ne7 38. Be3 Bc6 39. Bc5 Bxd7 40. Bxe7 f5 41. Bd6 fxg4 42. Bxe5 gxf3+ 43. Kxf3 Kf5 44. Bg7 h5 45. Kg3 Kg5 46. Bd4 h4+ 47. Kh2 Kg4 48. Bb6 h3 49. Bc7 Kf3 50. Bd8 Ke2 51. Be7 Kd3 52. Bd8 Kc4 53. Kg3 Kb3 54. Kh2 Kxa3 55. Ba5 Kb3 56. Kg3 Be6 57. Kh2 Kc2 58. Bb6 Kd3 59. Ba5 Ke2 60. Bb6 Kf3 61. Ba5 Kg4 62. Bb6 Bd5 63. Ba5 Bg2 64. Bb6 Kf5 65. Ba5 Ke6 66. Bb6 Kd5 67. Ba5 Kc4 68. Kg3 Bf1 69. Kh2 Kb3 70. Kg3 Ka4 71. Kh2 Bg2 72. Kg3 Kb3 73. Kh2 1/2-1/2

[Event "Eastern Asia-ch U16"]
[Site "Tornelo INT"]
[Date "2021.10.30"]
[Round "4"]
[White "Mohammed Tharig, S."]
[Black "Adireddy, Tarun"]
[Result "1/2-1/2"]
[WhiteElo "1090"]
[BlackElo "1452"]
[PlyCount "135"]
[EventDate "2021.10.29"]
[EventType "swiss"]
[EventRounds "9"]
[EventCountry "NET"]
[SourceTitle "CBM 205 Extra"]
[Source "ChessBase"]
[SourceDate "2022.01.31"]
[SourceVersion "1"]
[SourceVersionDate "2022.01.31"]
[SourceQuality "1"]

1. c4 e5 2. Nc3 Bb4 3. g3 Nf6 4. Bg2 c6 5. d4 e4 6. Bg5 d5 7. Qc2 Bf5 8. a3 Bxc3+ 9. Qxc3 Nbd7 10. Nh3 h6 11. Bxf6 Nxf6 12. e3 0-0 13. Nf4 Ne8 14. h3 Rc8 15. g4 Bh7 16. Rc1 Nc7 17. Qb3 b6 18. cxd5 Nxd5 19. Ne2 Kh8 20. Ng3 Qe7 21. Qc2 Rfe8 22. 0-0 Qd6 23. Rfe1 Qe6 24. b4 f5 25. Nxf5 Bxf5 26. gxf5 Qxf5 27. f3 Qg5 28. fxe4 Nxe3 29. Qd2 Rxe4 30. h4 Qg3 31. Qf2 Qxf2+ 32. Kxf2 Ng4+ 33. Kg3 Rxd4 34. Rxc6 Rxc6 35. Bxc6 Nf6 36. Re3 Kg8 37. b5 Kf7 38. Kh3 Rd1 39. Rc3 Rd2 40. Bg2 Rd7 41. Bc6 Rd2 42. Bg2 Kg6 43. Rg3+ Kf5 44. Rxg7 Rd3+ 45. Rg3 Nh5 46. Rxd3 Nf4+ 47. Kg3 Nxd3 48. Bh3+ Kg6 49. Be6 Nc5 50. Bc8 Ne4+ 51. Kf4 Nc3 52. Bd7 Nb1 53. Be8+ Kf6 54. Ke4 Nd2+ 55. Kd5 Nf3 56. h5 Ne5 57. a4 Kf5 58. Kd6 Nc4+ 59. Kc7 Nb2 60. Kb7 Nxa4 61. Kxa7 Kg5 62. Bf7 Kg4 63. Bb3 Nc3 64. Kxb6 Kxh5 65. Kc5 Nxb5 66. Kxb5 Kg4 67. Be6+ Kg3 68. Kc4 1/2-1/2

[Event "Sitges Sunway online op"]
[Site "Chess.com INT"]
[Date "2020.04.26"]
[Round "8"]
[White "Adireddy, Tarun"]
[Black "Makkar, Rajat"]
[Result "1-0"]
[WhiteElo "1696"]
[BlackElo "2214"]
[PlyCount "93"]
[EventDate "2020.04.19"]
[EventType "swiss"]
[EventRounds "9"]
[EventCountry "ESP"]
[SourceTitle "EXT 2021"]
[Source "ChessBase"]
[SourceDate "2020.10.23"]
[SourceVersion "1"]
[SourceVersionDate "2020.10.23"]
[SourceQuality "1"]

1. d4 d5 2. c4 c6 3. Nf3 Nf6 4. Nc3 e6 5. Bg5 Nbd7 6. e3 Qa5 7. Nd2 Bb4 8. Qc2 0-0 9. Be2 e5 10. dxe5 Ne4 11. Ncxe4 dxe4 12. a3 Nxe5 13. Bh4 g5 14. Bg3 Rd8 15. 0-0-0 Bxd2+ 16. Rxd2 Bf5 17. Rhd1 Nd3+ 18. Kb1 b5 19. cxb5 cxb5 20. Bc7 Qa6 21. Bxd8 Rxd8 22. Bxd3 exd3 23. Qc5 Qe6 24. f3 Rc8 25. Qd4 Qc4 26. Qxc4 bxc4 27. Rc1 Be6 28. Rc3 Rb8 29. b3 Rb7 30. Ka1 cxb3 31. Rcxd3 Kg7 32. Kb2 h6 33. f4 f5 34. Rd6 Re7 35. R2d3 Kf8 36. g3 Kg7 37. a4 Kf7 38. a5 Rb7 39. a6 Rb5 40. Rc6 Ra5 41. Rdd6 Bd5 42. Rc7+ Ke8 43. Rxd5 Rxd5 44. Rxa7 Rd6 45. Ra8+ Kd7 46. a7 Ra6 47. Rh8 1-0

[Event "New Delhi Parsvnath blitz op 18th"]
[Site "New Delhi"]
[Date "2020.01.14"]
[Round "9"]
[White "Adireddy, Tarun"]
[Black "Bhavesh, Mahajan"]
[Result "0-1"]
[WhiteElo "1657"]
[BlackElo "2101"]
[PlyCount "86"]
[EventDate "2020.01.14"]
[EventType "swiss (blitz)"]
[EventRounds "9"]
[EventCountry "IND"]
[SourceTitle "CBM 194 Extra"]
[Source "ChessBase"]
[SourceDate "2020.03.31"]
[SourceVersion "1"]
[SourceVersionDate "2020.03.31"]
[SourceQuality "1"]

1. d4 d5 2. c4 e6 3. Nc3 Nf6 4. Nf3 Be7 5. Bf4 0-0 6. e3 c6 7. Qc2 Nbd7 8. h3 a6 9. a4 Re8 10. cxd5 exd5 11. Bd3 Nf8 12. 0-0 a5 13. e4 dxe4 14. Nxe4 Nxe4 15. Bxe4 Be6 16. Rfd1 Bd5 17. Nd2 Bf6 18. Bxd5 Qxd5 19. Nf3 Ng6 20. Be3 Rad8 21. Rab1 Be7 22. b3 Bb4 23. Qc4 Re6 24. Rbc1 Red6 25. Qc2 h6 26. Nd2 Bxd2 27. Rxd2 Nh4 28. f3 Nf5 29. Bf2 Re6 30. Qc3 g6 31. b4 axb4 32. Qxb4 Rd7 33. Rc5 Qd6 34. Qb2 Ne7 35. Qc1 Nd5 36. Rd1 Nf4 37. Kh1 Kh7 38. Rd2 Ne2 39. Qd1 Ng3+ 40. Bxg3 Qxg3 41. Re2 Rxd4 42. Qxd4 Rxe2 43. Rc1 Qxg2# 0-1

[Event "New Delhi Parsvnath blitz op 18th"]
[Site "New Delhi"]
[Date "2020.01.14"]
[Round "7"]
[White "Adireddy, Tarun"]
[Black "Subhajit, Bhattacharyya"]
[Result "1-0"]
[WhiteElo "1657"]
[BlackElo "2014"]
[PlyCount "118"]
[EventDate "2020.01.14"]
[EventType "swiss (blitz)"]
[EventRounds "9"]
[EventCountry "IND"]
[SourceTitle "CBM 194 Extra"]
[Source "ChessBase"]
[SourceDate "2020.03.31"]
[SourceVersion "1"]
[SourceVersionDate "2020.03.31"]
[SourceQuality "1"]

1. d4 Nf6 2. c4 g6 3. Nc3 d5 4. cxd5 Nxd5 5. Bd2 Bg7 6. e4 Nb6 7. Be3 0-0 8. Be2 Nc6 9. d5 Ne5 10. Qc2 Nec4 11. Bxb6 Nxb6 12. Nf3 c6 13. dxc6 bxc6 14. 0-0 Be6 15. Rfd1 Qc8 16. Nd4 Bc4 17. Bxc4 Nxc4 18. Na4 Nd6 19. Nxc6 Kh8 20. Rac1 Qe6 21. f3 Bh6 22. Ra1 Rac8 23. Qc3+ Bg7 24. Nd4 Qd7 25. Nc5 Qc7 26. b4 a5 27. Rac1 axb4 28. Qxb4 Rb8 29. Qd2 Qa7 30. Nc6 Qb6 31. Nxb8 Rxb8 32. Kh1 Qa7 33. Nb3 h5 34. Rc2 Kh7 35. Qf2 Qa4 36. Qc5 Rc8 37. Qf2 Rxc2 38. Qxc2 Qb4 39. Qd2 Qa3 40. Qa5 Qb2 41. Qd2 Qa3 42. g3 Qa4 43. Rc1 Qb5 44. Qc2 Qg5 45. f4 Qg4 46. e5 Nf5 47. Re1 Qf3+ 48. Qg2 Qg4 49. h3 Nxg3+ 50. Kh2 Qxf4 51. Qxg3 Qb4 52. Qe3 Qh4 53. Kg2 Bh6 54. Qf2 Qg5+ 55. Kh2 Kg7 56. Rf1 Qxe5+ 57. Kh1 Qd5+ 58. Qf3 Qe6 59. Qc3+ Kh7 1-0

[Event "New Delhi Parsvnath op-B 17th"]
[Site "New Delhi"]
[Date "2019.01.09"]
[Round "3"]
[White "Adireddy, Tarun"]
[Black "Deshpande, Abhishek"]
[Result "0-1"]
[WhiteElo "1661"]
[BlackElo "1845"]
[PlyCount "94"]
[EventDate "2019.01.09"]
[EventType "swiss"]
[EventRounds "10"]
[EventCountry "IND"]
[SourceTitle "CBM 189 Extra"]
[Source "ChessBase"]
[SourceDate "2019.05.31"]
[SourceVersion "1"]
[SourceVersionDate "2019.05.31"]
[SourceQuality "1"]

1. d4 d5 2. c4 e5 3. dxe5 d4 4. Nf3 Nc6 5. Bf4 Nge7 6. h3 Ng6 7. e3 Bb4+ 8. Nbd2 0-0 9. a3 dxe3 10. fxe3 Bxd2+ 11. Qxd2 Qxd2+ 12. Kxd2 Re8 13. e6 Bxe6 14. Bxc7 Rac8 15. Bf4 Na5 16. Bd3 Nb3+ 17. Kc3 Nxa1 18. Rxa1 Bxc4 19. Bxc4 b5 20. b3 bxc4 21. bxc4 Nxf4 22. exf4 Re4 23. Nd4 Rxf4 24. Re1 Kf8 25. g3 Rf2 26. Re3 h5 27. Nb5 a6 28. Nd6 Rd8 29. c5 Rf1 30. Kb4 Rd1 31. Rc3 g5 32. Nb7 Rb1+ 33. Rb3 Rxb3+ 34. Kxb3 Rb8 35. c6 Rc8 36. Na5 f5 37. Kc4 f4 38. gxf4 g4 39. hxg4 h4 40. Kc5 h3 41. Nb7 h2 42. Nd6 Ra8 43. c7 h1Q 44. c8Q+ Rxc8+ 45. Nxc8 Qc1+ 46. Kb6 Qxc8 47. g5 Ke7 0-1

[Event "Mumbai Wealth rating op 4th"]
[Site "Mumbai"]
[Date "2019.01.07"]
[Round "9"]
[White "Adireddy, Tarun"]
[Black "Arhan, Chethan Anand"]
[Result "0-1"]
[WhiteElo "1553"]
[BlackElo "1710"]
[PlyCount "90"]
[EventDate "2018.12.30"]
[EventType "swiss"]
[EventRounds "9"]
[EventCountry "IND"]
[SourceTitle "CBM 188 Extra"]
[Source "ChessBase"]
[SourceDate "2019.02.28"]
[SourceVersion "1"]
[SourceVersionDate "2019.02.28"]
[SourceQuality "1"]

1. d4 d5 2. c4 e6 3. Nc3 Nf6 4. cxd5 exd5 5. Bg5 c6 6. e3 Be7 7. Bd3 Nbd7 8. Qc2 h6 9. Bh4 Nh5 10. Bxe7 Qxe7 11. Nf3 Nf4 12. 0-0 Nxd3 13. Qxd3 0-0 14. Rfe1 Nf6 15. Ne5 Ne4 16. f3 Nd6 17. e4 Be6 18. exd5 cxd5 19. Ng4 Qd7 20. Ne3 Nc4 21. b3 Nxe3 22. Rxe3 a6 23. Na4 Bf5 24. Nb6 Qc6 25. Qxf5 Qxb6 26. Rd1 Qa5 27. Qc2 Rac8 28. Qd2 Qb6 29. Rde1 Qg6 30. Rc3 Rfe8 31. Rxc8 Rxc8 32. Rc1 Rxc1+ 33. Qxc1 Qd3 34. Qb2 b5 35. b4 h5 36. h4 f5 37. Kh2 Kh7 38. Kg3 g6 39. Kf4 Kg7 40. Ke5 Kf7 41. Kxd5 Qc4+ 42. Kd6 Qe6+ 43. Kc5 Ke7 44. d5 Qd6+ 45. Kd4 Qf6+ 0-1

[Event "Mumbai Wealth rating op 4th"]
[Site "Mumbai"]
[Date "2019.01.06"]
[Round "8"]
[White "Dave, Sneh"]
[Black "Adireddy, Tarun"]
[Result "0-1"]
[WhiteElo "1851"]
[BlackElo "1553"]
[PlyCount "156"]
[EventDate "2018.12.30"]
[EventType "swiss"]
[EventRounds "9"]
[EventCountry "IND"]
[SourceTitle "CBM 188 Extra"]
[Source "ChessBase"]
[SourceDate "2019.02.28"]
[SourceVersion "1"]
[SourceVersionDate "2019.02.28"]
[SourceQuality "1"]

1. d4 Nf6 2. c4 e6 3. Nf3 Bb4+ 4. Nc3 b6 5. Bg5 Bb7 6. e3 h6 7. Bxf6 Qxf6 8. Rc1 0-0 9. Be2 d6 10. 0-0 Qe7 11. Na4 c5 12. a3 Ba5 13. b3 e5 14. d5 e4 15. Nd2 Bxd2 16. Qxd2 Nd7 17. Nc3 Bc8 18. Rce1 f5 19. f3 Nf6 20. Bd1 exf3 21. gxf3 Bd7 22. Kh1 Kh8 23. Rg1 Rae8 24. Qf2 Nh7 25. Bc2 Ng5 26. Qg3 Qf6 27. h4 Nxf3 28. Qxf3 Qxc3 29. Qg3 Qf6 30. Qf2 Re5 31. Qf4 Be8 32. Rg3 Bh5 33. Reg1 Bg4 34. Kg2 Qxh4 35. Bd1 Qe7 36. Bxg4 fxg4 37. Qxg4 Rxe3 38. Kh3 Rxg3+ 39. Rxg3 Qf6 40. Kh2 Qf2+ 41. Rg2 Qf4+ 42. Qxf4 Rxf4 43. Kg3 Rd4 44. Re2 Rd3+ 45. Kf4 Rxb3 46. Kf5 Rf3+ 47. Kg6 Rf6+ 48. Kh5 Kg8 49. Re7 Rf5+ 50. Kg4 Rf7 51. Re8+ Kh7 52. Rd8 Rf6 53. Rd7 Kg6 54. Rxa7 h5+ 55. Kg3 Rf7 56. Ra8 Kf6 57. Rb8 g5 58. Rxb6 Ke5 59. Rb8 Ra7 60. Re8+ Kd4 61. Re6 Rxa3+ 62. Kf2 Ra6 63. Rg6 Kxc4 64. Rxg5 h4 65. Ke3 Ra3+ 66. Ke4 Rd3 67. Rg1 Rd4+ 68. Ke3 Kxd5 69. Rg6 Re4+ 70. Kd3 c4+ 71. Kc3 Re3+ 72. Kd2 Rd3+ 73. Kc2 h3 74. Rg4 Rf3 75. Rh4 Kc5 76. Rh6 d5 77. Rh8 Rf2+ 78. Kb1 h2 0-1

[Event "Mumbai Wealth op U13 4th"]
[Site "Mumbai"]
[Date "2019.01.01"]
[Round "3"]
[White "Adireddy, Tarun"]
[Black "Medhansh, Rathi"]
[Result "1-0"]
[WhiteElo "1553"]
[BlackElo "1194"]
[PlyCount "107"]
[EventDate "2018.12.30"]
[EventType "swiss"]
[EventRounds "9"]
[EventCountry "IND"]
[SourceTitle "CBM 188 Extra"]
[Source "ChessBase"]
[SourceDate "2019.02.28"]
[SourceVersion "1"]
[SourceVersionDate "2019.02.28"]
[SourceQuality "1"]

1. d4 Nf6 2. c4 g6 3. Nc3 d5 4. cxd5 Nxd5 5. e4 Nxc3 6. bxc3 Bg7 7. Bg5 c5 8. Rc1 cxd4 9. cxd4 0-0 10. Nf3 Bg4 11. d5 h6 12. Bd2 e6 13. Bb4 Re8 14. Bb5 Nd7 15. 0-0 a6 16. Be2 exd5 17. exd5 Nf6 18. h3 Bf5 19. d6 Bf8 20. Nh4 Bd7 21. Re1 Ne4 22. Nf3 Bc6 23. Nd4 Bd7 24. Bf3 Nxd6 25. Bxd6 Bxd6 26. Bxb7 Rb8 27. Rxe8+ Qxe8 28. Bxa6 Ba4 29. Qd3 Qe5 30. Nf3 Qf4 31. Rc4 Qf6 32. g3 Bd7 33. Rd4 Rb6 34. Kg2 Bf5 35. Qc4 Rb4 36. Qd5 Rxd4 37. Qxd4 Qe6 38. g4 Be4 39. Bc4 Bxf3+ 40. Kxf3 Qd7 41. Qe4 Qd8 42. Qxg6+ Kh8 43. Qxh6+ Kg8 44. Qg6+ Kh8 45. Qh5+ Kg8 46. Bxf7+ Kg7 47. Qg6+ Kf8 48. Qg8+ Ke7 49. Qxd8+ Kxd8 50. g5 Ke7 51. Bb3 Ba3 52. Kg4 Kf8 53. h4 Kg7 54. f4 1-0

[Event "Mumbai Wealth rating op 4th"]
[Site "Mumbai"]
[Date "2019.01.01"]
[Round "3"]
[White "Aditya, Varun Gampa"]
[Black "Adireddy, Tarun"]
[Result "1-0"]
[WhiteElo "1809"]
[BlackElo "1553"]
[PlyCount "111"]
[EventDate "2018.12.30"]
[EventType "swiss"]
[EventRounds "9"]
[EventCountry "IND"]
[SourceTitle "CBM 188 Extra"]
[Source "ChessBase"]
[SourceDate "2019.02.28"]
[SourceVersion "1"]
[SourceVersionDate "2019.02.28"]
[SourceQuality "1"]

1. d4 Nf6 2. Bf4 e6 3. e3 c5 4. c3 Nc6 5. Nd2 d5 6. Ngf3 Bd6 7. Bg3 0-0 8. Bd3 b6 9. e4 Be7 10. e5 Nd7 11. h4 f5 12. Ng5 Bxg5 13. hxg5 g6 14. Nf3 Rf7 15. Qd2 c4 16. Bc2 Rb8 17. Ke2 b5 18. Rh6 Nf8 19. Rah1 Qe7 20. Nh4 Rg7 21. Bf4 Rb7 22. g4 Qf7 23. gxf5 exf5 24. Bd1 Be6 25. Kf1 a6 26. Ng2 Ra7 27. Be3 Rc7 28. Nf4 Ne7 29. Bf3 Rb7 30. R1h3 Ra7 31. Kg2 Rc7 32. Kh2 Rb7 33. b3 a5 34. Qb2 Nc6 35. bxc4 bxc4 36. Qa3 Qd7 37. Qc5 Ne7 38. Qxa5 Ra7 39. Qb6 Rxa2 40. Qd6 Ra7 41. Kg2 Nc8 42. Nxd5 Nxd6 43. Nf6+ Kf7 44. Nxd7 Rxd7 45. exd6 Rxd6 46. Bf4 Rd7 47. Be5 Rg8 48. Rh1 Rd8 49. Ra1 Rc8 50. Ra7+ Ke8 51. Bf6 Nd7 52. Rxh7 Bf7 53. Rxf7 Kxf7 54. Bd5+ Kf8 55. Rxd7 Rc7 56. Rd8# 1-0